[Event "Benidorm 2003 - sub2300"]
[Site "Benidorm ESP"]
[Date "2003.11.23"]
[Round "3.31"]
[White "Castillo Gallego, Sergio"]
[Black "Sanz Montarelo, Teodoro"]
[Result "1-0"]
[WhiteElo "2204"]
[BlackElo "2160"]
[PlyCount "131"]
[EventDate "2003.11.21"]
[EventType "swiss"]
[EventRounds "9"]
[EventCountry "ESP"]
[Source "lmi"]
[SourceDate "2003.11.21"]

1. e4 c5 2. Nf3 d6 3. d4 cxd4 4. Nxd4 Nf6 5. Nc3 g6 6. Be3 Bg7 7. f3 Nc6 8. Qd2
O-O 9. O-O-O Nxd4 10. Bxd4 Be6 11. Kb1 Qc7 12. h4 Rfc8 13. h5 Qa5 14. hxg6 hxg6
15. a3 b5 16. Nxb5 Qa4 17. Nc3 Qa5 18. Nd5 Qxd2 19. Rxd2 Bxd5 20. exd5 Nh5 21.
Bb5 Rab8 22. Bc6 Nf4 23. Re1 Bxd4 24. Rxd4 e5 25. dxe6 Nxe6 26. Rxd6 Rc7 27.
Bd5 Nf4 28. Bb3 Kg7 29. g3 Nh5 30. g4 Nf6 31. Red1 Rbb7 32. R1d4 Re7 33. Ka2
Rbc7 34. Rf4 Nd7 35. Rc4 Rb7 36. Rc8 Nb6 37. Rcd8 Rbc7 38. a4 Nd7 39. a5 Ne5
40. Ba4 Nxf3 41. b4 Re4 42. Bc6 Rc4 43. b5 Ne5 44. Kb3 Nxc6 45. bxc6 R4xc6 46.
Rxc6 Rxc6 47. c4 a6 48. Rb8 f5 49. g5 f4 50. Rb7+ Kf8 51. Rb6 Rc5 52. Rxa6 Rxg5
53. Ka4 Rf5 54. Rxg6 f3 55. Rg1 Ke7 56. a6 Kd6 57. a7 Rf8 58. Kb5 Kc7 59. Rg7+
Kd6 60. c5+ Kd5 61. Rd7+ Ke4 62. c6 f2 63. Rd1 Ke3 64. Kb6 Ke2 65. Ra1 Kd3 66.
Kb7 1-0

[Event "Benidorm 2003 - sub2300"]
[Site "Benidorm ESP"]
[Date "2003.11.23"]
[Round "3.32"]
[White "Fernandez Otero, Jose"]
[Black "Serrano Marhuenda, Salvador"]
[Result "1/2-1/2"]
[WhiteElo "2104"]
[BlackElo "2197"]
[PlyCount "129"]
[EventDate "2003.11.21"]
[EventType "swiss"]
[EventRounds "9"]
[EventCountry "ESP"]
[Source "lmi"]
[SourceDate "2003.11.21"]

1. e4 c5 2. Nf3 e6 3. d4 cxd4 4. Nxd4 a6 5. Bd3 Nc6 6. Nxc6 dxc6 7. c4 e5 8.
O-O Nf6 9. Bg5 h6 10. Bh4 Bc5 11. Nc3 g5 12. Bg3 Qe7 13. Kh1 h5 14. f3 h4 15.
Bf2 Nh5 16. Qe1 Ng3+ 17. Bxg3 hxg3 18. Qxg3 Bd7 19. h3 O-O-O 20. Rfd1 Be3 21.
Bf1 g4 22. fxg4 Bf4 23. Qf2 Bxg4 24. Rxd8+ Qxd8 25. Ne2 Qd2 26. Qe1 Qxb2 27.
Nxf4 exf4 28. Rb1 Qd4 29. Qb4 Qd7 30. Qc3 Rh5 31. Kg1 Be6 32. Qf6 Qd2 33. Rb2
Qe3+ 34. Rf2 Qxe4 35. Rxf4 Qe3+ 36. Kh1 Qe1 37. Rd4 Kb8 38. Qd8+ Ka7 39. Rf4 c5
40. Qd3 Re5 41. Kh2 Re3 42. Qd6 Re5 43. Qd3 Qc1 44. Rf2 Re1 45. h4 Qh6 46. g3
Qc1 47. h5 Qg5 48. Qf3 Re3 49. Qf4 Qxh5+ 50. Qh4 Qe5 51. Bg2 Qd6 52. Rb2 Bc8
53. Bd5 Qe5 54. Rf2 Re2 55. Kg2 Bf5 56. a4 Rxf2+ 57. Kxf2 Qb2+ 58. Kf3 Bc2 59.
a5 Bd1+ 60. Kf4 Qd4+ 61. Kf5 Bc2+ 62. Kg5 Qe5+ 63. Kh6 f5 64. Qd8 Qe3+ 65. Kg7
1/2-1/2

[Event "Benidorm 2003 - sub2300"]
[Site "Benidorm ESP"]
[Date "2003.11.23"]
[Round "3.33"]
[White "Iglesias Valle, Enrique Rafael"]
[Black "Cardenas Valero, Joaquin"]
[Result "0-1"]
[WhiteElo "2132"]
[BlackElo "2299"]
[PlyCount "116"]
[EventDate "2003.11.21"]
[EventType "swiss"]
[EventRounds "9"]
[EventCountry "ESP"]
[Source "lmi"]
[SourceDate "2003.11.21"]

1. d4 d5 2. c4 e6 3. Nc3 Nf6 4. Bg5 Be7 5. e3 Nbd7 6. Nf3 h6 7. Bh4 O-O 8. Be2
Re8 9. O-O c6 10. Qc2 Nf8 11. Rab1 Ng6 12. Bxf6 Bxf6 13. cxd5 exd5 14. Bd3 Nf8
15. b4 Bg4 16. Nd2 b6 17. Bf5 Bxf5 18. Qxf5 Ne6 19. Nb3 Rc8 20. Rbc1 g6 21. Qd3
Re7 22. Rfd1 Rd7 23. Ne2 Be7 24. a3 Bd6 25. g3 Qf6 26. Kg2 Ng5 27. Ng1 Qe7 28.
f4 Ne4 29. Nf3 f6 30. Nfd2 Kf7 31. Nxe4 Qxe4+ 32. Qxe4 dxe4 33. Nd2 f5 34. Nc4
Ke6 35. Rc3 Rdc7 36. Kh3 g5 37. Kg2 gxf4 38. exf4 h5 39. h3 Rd8 40. Kf2 Rcc8
41. Rc2 Bb8 42. Ke3 Rg8 43. Rg1 c5 44. dxc5 bxc5 45. b5 Rcd8 46. Nb2 Bc7 47.
Kf2 Bb6 48. Nc4 Rd3 49. g4 hxg4 50. hxg4 Rf3+ 51. Ke2 Rxg4 52. Rxg4 fxg4 53. a4
g3 54. Rc1 Bc7 55. a5 Bxf4 56. Rf1 g2 57. Rg1 Rc3 58. b6 axb6 0-1

[Event "Benidorm 2003 - sub2300"]
[Site "Benidorm ESP"]
[Date "2003.11.23"]
[Round "3.34"]
[White "Martin Blanco, Fernando"]
[Black "Bosque Ortega, Xavier"]
[Result "0-1"]
[WhiteElo "2128"]
[BlackElo "2258"]
[PlyCount "100"]
[EventDate "2003.11.21"]
[EventType "swiss"]
[EventRounds "9"]
[EventCountry "ESP"]
[Source "lmi"]
[SourceDate "2003.11.21"]

1. e4 c6 2. d4 d5 3. e5 g6 4. h3 h5 5. Nf3 Nh6 6. Be2 Bg7 7. O-O Bf5 8. Re1 Nd7
9. c4 Bxb1 10. Rxb1 e6 11. b4 dxc4 12. Bg5 Qc7 13. Bxc4 Nb6 14. Qb3 Qd7 15. b5
Nxc4 16. Qxc4 cxb5 17. Rxb5 O-O 18. d5 exd5 19. Rxd5 Qe6 20. Nd4 Qb6 21. Rb5
Rac8 22. Qd5 Rcd8 23. Bxd8 Rxd8 24. Qb3 Qxd4 25. e6 Qd2 26. exf7+ Nxf7 27. Qe6
b6 28. Re3 Qd1+ 29. Re1 Qd6 30. Qb3 Qd3 31. Re8+ Bf8 32. Rxd8 Qxd8 33. Rd5 Qf6
34. Rd3 Qa1+ 35. Kh2 Qe5+ 36. g3 Kg7 37. Rd7 Qf6 38. f4 h4 39. Qd5 hxg3+ 40.
Kxg3 a5 41. a4 Bc5 42. Kg4 Kf8 43. Qa8+ Kg7 44. Qd5 Bf2 45. Kf3 Bc5 46. Kg4 Be7
47. Qb7 Nh6+ 48. Kf3 Nf5 49. Rc7 Qd6 50. Rc3 Qd1+ 0-1

[Event "Benidorm 2003 - sub2300"]
[Site "Benidorm ESP"]
[Date "2003.11.23"]
[Round "3.35"]
[White "Ibanez Terradellas, Eduardo"]
[Black "Muelas Cerezuela, Jose"]
[Result "0-1"]
[WhiteElo "2257"]
[BlackElo "2128"]
[PlyCount "65"]
[EventDate "2003.11.21"]
[EventType "swiss"]
[EventRounds "9"]
[EventCountry "ESP"]
[Source "lmi"]
[SourceDate "2003.11.21"]

1. d4 e6 2. Nf3 Nf6 3. Bg5 c5 4. e3 Qb6 5. Qc1 Ne4 6. Bf4 Nc6 7. c3 d5 8. Bd3
Bd7 9. O-O Rc8 10. Bxe4 dxe4 11. Nfd2 cxd4 12. Nxe4 e5 13. Bg3 f5 14. Ng5 d3
15. Nd2 Be7 16. Ngf3 e4 17. Nc4 Qc5 18. Nfd2 O-O 19. a4 Be6 20. b3 g5 21. f3
Bxc4 22. Nxc4 Na5 23. Nxa5 Qxa5 24. fxe4 fxe4 25. Rxf8+ Bxf8 26. c4 Qb6 27. Rb1
Bc5 28. Bf2 Rd8 29. Qd2 Bb4 30. Qd1 d2 31. h4 Qd6 32. hxg5 Qd3 33. Rb2 0-1

[Event "Benidorm 2003 - sub2300"]
[Site "Benidorm ESP"]
[Date "2003.11.23"]
[Round "3.37"]
[White "Vicente Torrecillas, Fran"]
[Black "Tebar Moreno, Juan Carlos"]
[Result "0-1"]
[WhiteElo "2128"]
[BlackElo "2254"]
[PlyCount "56"]
[EventDate "2003.11.21"]
[EventType "swiss"]
[EventRounds "9"]
[EventCountry "ESP"]
[Source "lmi"]
[SourceDate "2003.11.21"]

1. d4 d5 2. Nf3 Nc6 3. e3 Bg4 4. Be2 Nf6 5. O-O e6 6. Nbd2 Bd6 7. c4 O-O 8. b3
h6 9. Bb2 Bf5 10. a3 Ne4 11. c5 Be7 12. b4 Bf6 13. b5 Ne7 14. Ne5 Bxe5 15. Nxe4
Bxh2+ 16. Kxh2 Bxe4 17. f3 Bh7 18. Qd2 Nf5 19. Rh1 Qg5 20. Bc1 Ng3 21. Rd1 Qh4+
22. Kg1 f5 23. Bd3 Rf6 24. Qe1 Bg6 25. a4 Bh5 26. Be2 Rg6 27. Bf1 Bxf3 28. gxf3
Ne2# 0-1

[Event "Benidorm 2003 - sub2300"]
[Site "Benidorm ESP"]
[Date "2003.11.23"]
[Round "3.38"]
[White "Gonzalez Aguirre, Luis"]
[Black "Reig Pinol, Armand"]
[Result "0-1"]
[WhiteElo "2241"]
[BlackElo "2124"]
[PlyCount "116"]
[EventDate "2003.11.21"]
[EventType "swiss"]
[EventRounds "9"]
[EventCountry "ESP"]
[Source "lmi"]
[SourceDate "2003.11.21"]

1. c4 d6 2. g3 e5 3. Nc3 f5 4. Bg2 Nf6 5. Nf3 Be7 6. d3 O-O 7. Rb1 c6 8. b4 Qe8
9. b5 Kh8 10. O-O Qh5 11. bxc6 Nxc6 12. Nd5 Nxd5 13. cxd5 Nb8 14. Bd2 Na6 15.
Qc1 Rb8 16. Qa3 g5 17. Nxe5 Qe8 18. Nf3 h6 19. Nd4 Bd7 20. Nc6 bxc6 21. Qxa6 c5
22. Rb3 Rxb3 23. axb3 Qb8 24. Ra1 Bf6 25. Rb1 Re8 26. Bf1 Qb6 27. Qxb6 axb6 28.
b4 b5 29. e3 Rc8 30. Rc1 Bb2 31. Rc2 Ba3 32. bxc5 dxc5 33. Ra2 b4 34. Be2 Ba4
35. Ra1 Bc2 36. Bc3+ Kg8 37. Be5 Ra8 38. d6 Bb3 39. f4 Be6 40. Bf3 Ra7 41. Be2
Bd5 42. Kf2 Kf7 43. Ke1 Ke6 44. Kd2 Ra8 45. h3 Rc8 46. Bd1 gxf4 47. exf4 Ra8
48. g4 b3 49. gxf5+ Kf7 50. Bh5+ Kf8 51. Rg1 Bb4+ 52. Ke3 Ra7 53. Rg6 Ra2 54.
Rxh6 Bd2+ 55. Kf2 Bxf4+ 56. Kf1 Bxh6 57. Bf6 b2 58. Be7+ Kg8 0-1

[Event "Benidorm 2003 - sub2300"]
[Site "Benidorm ESP"]
[Date "2003.11.23"]
[Round "3.39"]
[White "Straub, Peter"]
[Black "Zurmely, Frank"]
[Result "0-1"]
[WhiteElo "2128"]
[BlackElo "2235"]
[PlyCount "88"]
[EventDate "2003.11.21"]
[EventType "swiss"]
[EventRounds "9"]
[EventCountry "ESP"]
[Source "lmi"]
[SourceDate "2003.11.21"]

1. e4 Nf6 2. e5 Nd5 3. Nc3 Nxc3 4. bxc3 c5 5. d4 Nc6 6. Nf3 d5 7. Be2 Bg4 8.
O-O e6 9. Be3 c4 10. Ne1 Bxe2 11. Qxe2 Qa5 12. Bd2 O-O-O 13. a4 a6 14. Nf3 h6
15. Rfb1 g5 16. Ne1 Rg8 17. g4 Rd7 18. Nf3 Qd8 19. Be3 h5 20. h3 hxg4 21. hxg4
Be7 22. Kg2 f6 23. exf6 Bxf6 24. Bd2 Bg7 25. Ne5 Bxe5 26. dxe5 Qc7 27. Re1 Rh7
28. Rh1 Rgh8 29. Bxg5 Rxh1 30. Rxh1 Rxh1 31. Kxh1 Qxe5 32. Qd2 Qe4+ 33. Kh2 Ne5
34. Qf4 Qxf4+ 35. Bxf4 Nxg4+ 36. Kg3 Nf6 37. Bg5 Nd7 38. Bf4 Nf6 39. a5 Kd7 40.
Be5 Ne8 41. Bd4 Nd6 42. Kf4 Nb5 43. Be5 Na3 44. Kg5 Nxc2 0-1

[Event "Benidorm 2003 - sub2300"]
[Site "Benidorm ESP"]
[Date "2003.11.23"]
[Round "3.40"]
[White "Acebal Muniz, Antonio"]
[Black "Milla de Marco, Carlos"]
[Result "1/2-1/2"]
[WhiteElo "2230"]
[BlackElo "2123"]
[PlyCount "51"]
[EventDate "2003.11.21"]
[EventType "swiss"]
[EventRounds "9"]
[EventCountry "ESP"]
[Source "lmi"]
[SourceDate "2003.11.21"]

1. Nf3 f5 2. d4 Nf6 3. g3 g6 4. Bg2 Bg7 5. O-O O-O 6. c4 d6 7. Nc3 Nc6 8. d5
Ne5 9. Nxe5 dxe5 10. b3 e4 11. Qc2 e6 12. Ba3 Re8 13. Rad1 exd5 14. Nxd5 Nxd5
15. cxd5 Bd7 16. Rc1 c6 17. Rfd1 Qa5 18. dxc6 Bxc6 19. Qc4+ Kh8 20. Bb4 Qb5 21.
Qxb5 Bxb5 22. Bf1 Rad8 23. e3 Bxf1 24. Kxf1 Be5 25. Ke2 Kg8 26. Ba5 1/2-1/2

[Event "Benidorm 2003 - sub2300"]
[Site "Benidorm ESP"]
[Date "2003.11.23"]
[Round "3.41"]
[White "Vuilleumier, Alex"]
[Black "Perez Aleman, Pedro Tomas"]
[Result "0-1"]
[WhiteElo "2216"]
[BlackElo "2118"]
[PlyCount "82"]
[EventDate "2003.11.21"]
[EventType "swiss"]
[EventRounds "9"]
[EventCountry "ESP"]
[Source "lmi"]
[SourceDate "2003.11.21"]

1. Nf3 Nf6 2. g3 g6 3. Bg2 Bg7 4. O-O O-O 5. c4 d6 6. Nc3 e5 7. d4 Nbd7 8. e4
c6 9. h3 Qa5 10. Be3 exd4 11. Bxd4 Re8 12. Nd2 Nc5 13. Nb3 Qb4 14. e5 Nxb3 15.
exf6 Nxd4 16. fxg7 Qxc4 17. Ne4 Ne2+ 18. Kh2 Rxe4 19. Bxe4 Qxe4 20. Re1 Qf5 21.
Qxe2 Qxh3+ 22. Kg1 Be6 23. Rad1 Bg4 24. f3 Qxg3+ 25. Qg2 Qxf3 26. Qxf3 Bxf3 27.
Rxd6 Bd5 28. a4 a5 29. Re7 Rb8 30. Rdd7 b5 31. Rb7 Rxb7 32. Rxb7 bxa4 33. Ra7
Bc4 34. Kf2 Bb5 35. Kg3 a3 36. bxa3 a4 37. Kh4 Kxg7 38. Rd7 h6 39. Rd2 g5+ 40.
Kh5 Bc4 41. Rf2 f5 0-1

[Event "Benidorm 2003 - sub2300"]
[Site "Benidorm ESP"]
[Date "2003.11.23"]
[Round "3.42"]
[White "Debitsch, Rasmus"]
[Black "Tscharotschkin, Michael"]
[Result "1/2-1/2"]
[WhiteElo "2124"]
[BlackElo "2214"]
[PlyCount "52"]
[EventDate "2003.11.21"]
[EventType "swiss"]
[EventRounds "9"]
[EventCountry "ESP"]
[Source "lmi"]
[SourceDate "2003.11.21"]

1. e4 c5 2. c3 d5 3. exd5 Qxd5 4. d4 cxd4 5. cxd4 Nc6 6. Nf3 e5 7. Nc3 Bb4 8.
Be2 e4 9. O-O Bxc3 10. bxc3 exf3 11. Bxf3 Qd7 12. Re1+ Kd8 13. d5 Nce7 14. Ba3
Ng6 15. c4 Nf6 16. c5 Qf5 17. Qa4 Qf4 18. Qa5+ Qc7 19. Qc3 Nh4 20. c6 bxc6 21.
Be7+ Qxe7 22. Rxe7 Nxf3+ 23. gxf3 Kxe7 24. Qc5+ Kd8 25. Qxc6 Rb8 26. Rc1 Ne8
1/2-1/2

[Event "Benidorm 2003 - sub2300"]
[Site "Benidorm ESP"]
[Date "2003.11.23"]
[Round "3.43"]
[White "Celaya Tapiz, Jose Maria"]
[Black "Ferrer Berenguer, Ligorio"]
[Result "1-0"]
[WhiteElo "2213"]
[BlackElo "2112"]
[PlyCount "83"]
[EventDate "2003.11.21"]
[EventType "swiss"]
[EventRounds "9"]
[EventCountry "ESP"]
[Source "lmi"]
[SourceDate "2003.11.21"]

1. e4 e5 2. Nf3 Nc6 3. Bc4 Nf6 4. d3 Bc5 5. O-O d6 6. h3 Bd7 7. Nc3 Na5 8. Bb3
Nxb3 9. axb3 a6 10. Be3 Qe7 11. Bxc5 dxc5 12. Qd2 h6 13. Qe3 O-O 14. Nh2 Qd6
15. f4 Qd4 16. Rae1 Rfe8 17. fxe5 Qxe3+ 18. Rxe3 Rxe5 19. Ref3 b5 20. R3f2 Bc6
21. Nf3 Re7 22. Nh4 b4 23. Nd1 Ne8 24. Rf5 g6 25. Rxc5 Bb7 26. Ne3 Nd6 27. Nc4
Nxc4 28. Rxc4 a5 29. Ra1 Kg7 30. Rc5 f5 31. exf5 g5 32. Ng6 Rd7 33. Ne5 Re7 34.
Ng4 Rd7 35. f6+ Kf8 36. Nxh6 Re8 37. Rxg5 Bd5 38. Rxa5 Rh7 39. Ng4 c6 40. Ne5
Rd8 41. Ra1 Rh8 42. Ng6+ 1-0

[Event "Benidorm 2003 - sub2300"]
[Site "Benidorm ESP"]
[Date "2003.11.23"]
[Round "3.44"]
[White "Godlauskas, Kazys"]
[Black "Saldana Caballe, Enric"]
[Result "1-0"]
[WhiteElo "2209"]
[BlackElo "2111"]
[PlyCount "53"]
[EventDate "2003.11.21"]
[EventType "swiss"]
[EventRounds "9"]
[EventCountry "ESP"]
[Source "lmi"]
[SourceDate "2003.11.21"]

1. e4 c5 2. Nf3 d6 3. d4 cxd4 4. Nxd4 Nf6 5. Nc3 g6 6. Be3 Bg7 7. f3 O-O 8. Qd2
Nc6 9. O-O-O d5 10. Kb1 Nxd4 11. e5 Nd7 12. Bxd4 e6 13. f4 a6 14. h4 b6 15. h5
Bb7 16. g4 Re8 17. hxg6 fxg6 18. Qh2 Nf8 19. Bd3 Qc7 20. Rde1 Bc8 21. f5 exf5
22. gxf5 gxf5 23. Nxd5 Qd8 24. Nf6+ Bxf6 25. exf6 Rxe1+ 26. Rxe1 Ra7 27. Qg1+
1-0

[Event "Benidorm 2003 - sub2300"]
[Site "Benidorm ESP"]
[Date "2003.11.23"]
[Round "3.45"]
[White "Torres Samper, Rafael"]
[Black "Nunez Garcia, Alberto"]
[Result "1/2-1/2"]
[WhiteElo "2119"]
[BlackElo "2205"]
[PlyCount "70"]
[EventDate "2003.11.21"]
[EventType "swiss"]
[EventRounds "9"]
[EventCountry "ESP"]
[Source "lmi"]
[SourceDate "2003.11.21"]

1. e4 c5 2. Nf3 Nc6 3. d4 cxd4 4. Nxd4 Nf6 5. Nc3 e5 6. Ndb5 d6 7. Bg5 a6 8.
Na3 b5 9. Nd5 Be7 10. Bxf6 Bxf6 11. c4 b4 12. Nc2 O-O 13. Ncxb4 Nxb4 14. Nxb4
Qb6 15. Qd2 Rb8 16. Nd5 Qxb2 17. Qxb2 Rxb2 18. Bd3 Bg5 19. O-O Bg4 20. f3 Be6
21. Rfb1 Rd2 22. Rd1 Rb2 23. Rdb1 Rfb8 24. Rxb2 Rxb2 25. Rb1 Rxb1+ 26. Bxb1 h5
27. Bd3 a5 28. Kf2 Bc1 29. Nc7 Kf8 30. Nxe6+ fxe6 31. Bc2 g5 32. Ba4 Ke7 33.
Bc6 Kd8 34. Ke2 h4 35. h3 Kc7 1/2-1/2

[Event "Benidorm 2003 - sub2300"]
[Site "Benidorm ESP"]
[Date "2003.11.23"]
[Round "3.46"]
[White "Serra Olives, Tomas"]
[Black "Carretero Ajo, Jesus"]
[Result "1-0"]
[WhiteElo "2200"]
[BlackElo "2110"]
[PlyCount "61"]
[EventDate "2003.11.21"]
[EventType "swiss"]
[EventRounds "9"]
[EventCountry "ESP"]
[Source "lmi"]
[SourceDate "2003.11.21"]

1. e4 c5 2. Nf3 a6 3. d4 cxd4 4. Nxd4 e5 5. Nf3 Nf6 6. Nc3 Bb4 7. Bc4 Qc7 8.
Bb3 Nxe4 9. O-O Nxc3 10. bxc3 Bxc3 11. Ba3 d5 12. Bxd5 Bxa1 13. Ng5 Be6 14.
Bxe6 fxe6 15. Qg4 Qc6 16. Nxe6 g6 17. Rxa1 Nd7 18. Re1 Rc8 19. Nd4 Qf6 20. f4
h5 21. Rxe5+ Nxe5 22. Qxc8+ Kf7 23. Qc7+ Kg8 24. fxe5 Qf4 25. Qb8+ Kh7 26.
Qxb7+ Kh6 27. Qg7+ Kxg7 28. Ne6+ Kf7 29. Nxf4 g5 30. e6+ Ke8 31. Nd5 1-0

[Event "Benidorm 2003 - sub2300"]
[Site "Benidorm ESP"]
[Date "2003.11.23"]
[Round "3.49"]
[White "Plaza Pardo, Daniel"]
[Black "Bayon Fernandez, Rogelio"]
[Result "1-0"]
[WhiteElo "2091"]
[BlackElo "2196"]
[PlyCount "77"]
[EventDate "2003.11.21"]
[EventType "swiss"]
[EventRounds "9"]
[EventCountry "ESP"]
[Source "lmi"]
[SourceDate "2003.11.21"]

1. e4 c5 2. Nf3 Nc6 3. d4 cxd4 4. Nxd4 Nf6 5. Nc3 d6 6. Bc4 Qb6 7. Nb3 e6 8.
Bf4 Ne5 9. Be2 Be7 10. Qd2 Bd7 11. O-O-O a6 12. g4 Nfxg4 13. Bxg4 Nxg4 14. f3
Nf6 15. e5 dxe5 16. Bxe5 Bc6 17. Qf4 Rd8 18. Bd4 Qb4 19. a3 Rxd4 20. Nxd4 Qb6
21. Qb8+ Bd8 22. Nxc6 bxc6 23. Qxb6 Bxb6 24. Rd6 O-O 25. Rxc6 Be3+ 26. Kb1 Rb8
27. Rd1 a5 28. Ra6 Bf4 29. h3 Bc7 30. Nb5 Bd8 31. c4 h6 32. Nd4 Kh7 33. Nc6 Rb6
34. Rxb6 Bxb6 35. b4 axb4 36. axb4 h5 37. Kc2 g5 38. Ne5 Kg7 39. Nd7 1-0

[Event "Benidorm 2003 - sub2300"]
[Site "Benidorm ESP"]
[Date "2003.11.23"]
[Round "3.51"]
[White "Villa Izquierdo, Roberto"]
[Black "Pellicer Coloma, Pedro"]
[Result "1-0"]
[WhiteElo "2183"]
[BlackElo "2103"]
[PlyCount "47"]
[EventDate "2003.11.21"]
[EventType "swiss"]
[EventRounds "9"]
[EventCountry "ESP"]
[Source "lmi"]
[SourceDate "2003.11.21"]

1. d4 d5 2. e3 e6 3. Bd3 Bd6 4. f4 b6 5. Qe2 a5 6. Nf3 f5 7. Ne5 Bxe5 8. fxe5
Ba6 9. O-O Ne7 10. b3 Bxd3 11. Qxd3 Nd7 12. c4 a4 13. Ba3 c5 14. Nc3 O-O 15.
cxd5 exd5 16. Rfd1 axb3 17. axb3 f4 18. e6 cxd4 19. Qxd4 Nf6 20. exf4 Re8 21.
Bxe7 Rxe7 22. Rxa8 Qxa8 23. f5 g6 24. Qxf6 1-0

[Event "Benidorm 2003 - sub2300"]
[Site "Benidorm ESP"]
[Date "2003.11.23"]
[Round "3.52"]
[White "Ruiz Marana, Alejandro"]
[Black "Le Pape, Valery"]
[Result "1-0"]
[WhiteElo "2089"]
[BlackElo "2180"]
[PlyCount "48"]
[EventDate "2003.11.21"]
[EventType "swiss"]
[EventRounds "9"]
[EventCountry "ESP"]
[Source "lmi"]
[SourceDate "2003.11.21"]

1. e4 c5 2. Nc3 Nc6 3. g3 g6 4. Bg2 Bg7 5. d3 d6 6. Be3 e5 7. Qd2 Nge7 8. Bh6
O-O 9. h4 Bxh6 10. Qxh6 f6 11. Qd2 Nd4 12. O-O-O b5 13. Nge2 b4 14. Nd5 Nxd5
15. exd5 Bg4 16. Nxd4 exd4 17. Rde1 Re8 18. Qf4 Rxe1+ 19. Rxe1 Qd7 20. f3 Re8
21. Rh1 Re2 22. Bf1 Re1+ 23. Kd2 Qe7 24. fxg4 Kg7 1-0

[Event "Benidorm 2003 - sub2300"]
[Site "Benidorm ESP"]
[Date "2003.11.23"]
[Round "3.53"]
[White "Sarto Ramos, Angel"]
[Black "Strekalovski, Viktor"]
[Result "1/2-1/2"]
[WhiteElo "2067"]
[BlackElo "2177"]
[PlyCount "86"]
[EventDate "2003.11.21"]
[EventType "swiss"]
[EventRounds "9"]
[EventCountry "ESP"]
[Source "lmi"]
[SourceDate "2003.11.21"]

1. d4 Nf6 2. Nf3 e6 3. g3 c5 4. Bg2 cxd4 5. O-O Nc6 6. Nxd4 d5 7. c4 Be7 8. Nc3
Nxd4 9. Qxd4 dxc4 10. Qxc4 O-O 11. Bf4 Qa5 12. Qb5 Bb4 13. Qxa5 Bxa5 14. Nb5
Nd5 15. Be5 Bd7 16. Nd6 Bc6 17. Rac1 f6 18. Bd4 Rfd8 19. Rxc6 bxc6 20. Nb7 Bb6
21. Nxd8 Rxd8 22. Bxb6 axb6 23. Rd1 f5 24. e4 fxe4 25. Bxe4 Ra8 26. a3 Ra4 27.
f3 Rc4 28. Kf2 g6 29. Ke2 b5 30. Bd3 Rc5 31. Kd2 Kf7 32. Re1 Nf6 33. Re3 Ke7
34. Bb1 Kd6 35. Ba2 Re5 36. Rxe5 Kxe5 37. Kd3 c5 38. b3 Kd5 39. Bb1 Kd6 40. Kc3
Nd5+ 41. Kd3 Nb6 42. Kc3 Nd5+ 43. Kd3 Nb6 1/2-1/2

[Event "Benidorm 2003 - sub2300"]
[Site "Benidorm ESP"]
[Date "2003.11.23"]
[Round "3.54"]
[White "Carlan, Ionut"]
[Black "Penillas Mendez, Ismael"]
[Result "0-1"]
[WhiteElo "2061"]
[BlackElo "2176"]
[PlyCount "144"]
[EventDate "2003.11.21"]
[EventType "swiss"]
[EventRounds "9"]
[EventCountry "ESP"]
[Source "lmi"]
[SourceDate "2003.11.21"]

1. e4 e5 2. Nf3 Nc6 3. Bc4 Nf6 4. O-O Be7 5. d4 exd4 6. e5 Ne4 7. Re1 d5 8. Bb5
Bg4 9. c4 O-O 10. cxd5 Qxd5 11. Bxc6 bxc6 12. Qxd4 Rfd8 13. Qxd5 cxd5 14. Nd4
Bd7 15. f3 Ng5 16. Nc3 Ne6 17. Nf5 Bc5+ 18. Kf1 Bc8 19. Rd1 Ba6+ 20. Ke1 g6 21.
Nh6+ Kg7 22. Rxd5 Rxd5 23. Nxd5 Rd8 24. Ne3 Nf4 25. Nef5+ gxf5 26. Bxf4 Bc8 27.
Rc1 Bb4+ 28. Ke2 Be6 29. Rxc7 Kg6 30. g4 fxg4 31. Nxg4 Bxa2 32. Kf2 h5 33. Nf6
a5 34. Ne4 Rd1 35. Rc6+ Be6 36. Nc5 Kf5 37. Nxe6 fxe6 38. Rc4 Rb1 39. Bc1 Kxe5
40. Ke3 Kd5 41. Kd3 e5 42. Rc8 Ra1 43. Kc2 h4 44. Rh8 Be7 45. Rh5 Ra4 46. f4
Rc4+ 47. Kd1 Bf6 48. b3 Rd4+ 49. Kc2 Ke6 50. Be3 Rd5 51. f5+ Kf7 52. Bf2 Be7
53. Bxh4 Bb4 54. Rh7+ Kg8 55. Rc7 Rd2+ 56. Kc1 Rxh2 57. Bg3 Re2 58. f6 Re3 59.
Rg7+ Kf8 60. Kc2 e4 61. Be5 Re2+ 62. Kd1 Rd2+ 63. Kc1 e3 64. Bf4 Ba3+ 65. Kb1
Rb2+ 66. Ka1 e2 67. Rg1 Kf7 68. Bc1 Rxb3 69. Bxa3 Rxa3+ 70. Kb2 Re3 71. Re1 a4
72. Kc2 a3 0-1

[Event "Benidorm 2003 - sub2300"]
[Site "Benidorm ESP"]
[Date "2003.11.23"]
[Round "3.57"]
[White "Garcia Gata, Jorge David"]
[Black "Borras Duran, Pere"]
[Result "0-1"]
[WhiteElo "2055"]
[BlackElo "2170"]
[PlyCount "106"]
[EventDate "2003.11.21"]
[EventType "swiss"]
[EventRounds "9"]
[EventCountry "ESP"]
[Source "lmi"]
[SourceDate "2003.11.21"]

1. d4 Nf6 2. c4 g6 3. Nc3 Bg7 4. e4 d6 5. Be2 O-O 6. Bg5 Nbd7 7. Qd2 c5 8. d5
b5 9. cxb5 a6 10. a4 axb5 11. Bxb5 Ba6 12. f3 Bxb5 13. Nxb5 Qb6 14. Ne2 Ne5 15.
O-O Nc4 16. Qc2 Nxb2 17. Qxb2 Nxe4 18. Qxg7+ Kxg7 19. fxe4 f6 20. Bd2 c4+ 21.
Kh1 Rfb8 22. Ned4 Kg8 23. Nc6 Rb7 24. Bc3 Qe3 25. Rfe1 Qf2 26. Na5 Rbb8 27.
Nxc4 Qc5 28. Nd2 Rc8 29. Nb3 Qf2 30. Rec1 Qe3 31. Re1 Qd3 32. Rad1 Qc2 33. N3d4
Qxa4 34. Ra1 Qc4 35. Rxa8 Rxa8 36. h3 Rb8 37. Rb1 Qd3 38. Rb2 h5 39. Kh2 g5 40.
Kh1 g4 41. Rd2 Qxe4 42. Re2 Qf5 43. Bd2 Qf1+ 44. Kh2 Rxb5 45. Re1 g3+ 46. Kxg3
Qd3+ 47. Be3 Rxd5 48. Nf3 e5 49. Kh2 f5 50. Bf2 Rb5 51. Ra1 Qe4 52. Ra7 Rb2 53.
Bh4 Qxf3 0-1

[Event "Benidorm 2003 - sub2300"]
[Site "Benidorm ESP"]
[Date "2003.11.23"]
[Round "3.58"]
[White "Aalbersberg Kroon, Pedro"]
[Black "De Juan Tobalina, Rafael"]
[Result "1-0"]
[WhiteElo "2165"]
[BlackElo "2082"]
[PlyCount "53"]
[EventDate "2003.11.21"]
[EventType "swiss"]
[EventRounds "9"]
[EventCountry "ESP"]
[Source "lmi"]
[SourceDate "2003.11.21"]

1. e4 c5 2. Nc3 e6 3. f4 Nc6 4. Nf3 g6 5. Bb5 Nge7 6. O-O Bg7 7. d3 a6 8. Bxc6
dxc6 9. Kh1 O-O 10. Qe1 f5 11. Ng5 h6 12. Nf3 Bd7 13. Qf2 b6 14. Bd2 Qc7 15.
Rae1 Rae8 16. Qg3 Kf7 17. Ne5+ Bxe5 18. fxe5 g5 19. exf5 Rc8 20. fxe6+ Kxe6 21.
Qh3+ Nf5 22. Rxf5 Rxf5 23. Qxh6+ Ke7 24. Bxg5+ Ke8 25. e6 Qe5 26. Qg6+ Kf8 27.
e7+ 1-0

[Event "Benidorm 2003 - sub2300"]
[Site "Benidorm ESP"]
[Date "2003.11.23"]
[Round "3.59"]
[White "Fabre Massana, Miquel"]
[Black "Ercan, Mehmet Fahri"]
[Result "0-1"]
[WhiteElo "2159"]
[BlackElo "2075"]
[PlyCount "61"]
[EventDate "2003.11.21"]
[EventType "swiss"]
[EventRounds "9"]
[EventCountry "ESP"]
[Source "lmi"]
[SourceDate "2003.11.21"]

1. e4 c5 2. Nf3 d6 3. d4 cxd4 4. Nxd4 Nf6 5. Nc3 a6 6. Bg5 e6 7. f4 Be7 8. Qf3
Qc7 9. O-O-O Nbd7 10. g4 b5 11. Bxf6 Nxf6 12. g5 Nd7 13. f5 Bxg5+ 14. Kb1 Ne5
15. Qh5 Qd8 16. Nxe6 Bxe6 17. fxe6 g6 18. exf7+ Kxf7 19. Qe2 Kg7 20. Nd5 Ra7
21. Bh3 Rf7 22. Rhf1 Rxf1 23. Rxf1 Nc4 24. Nf4 Bxf4 25. Rxf4 Rf8 26. Qf2 Rxf4
27. Qxf4 Qb6 28. Qg4 Qf2 29. Qd7+ Kh6 30. a3 Qe1+ 31. Ka2 0-1